000 00298nam a2200133Ia 4500
005 20251222155101.0
008 251222s9999||||xx |||||||||||||| ||spa||
082 _aETI.84
100 _aGARCIA, Fructuoso.
245 0 _aEl arte de amar
250 _a1ra. ed.
264 _bSalesiana
942 _cLIB
999 _c37689
_d37689